Men's Tennis - Grand Slam Finalists of the 21st Century - Statistics

General Stats
  • This quiz has been taken 282 times
    87 since last reset
  • The average score is 32 of 48
Answer Stats
Answer % Correct
Rafael Nadal
100%
Roger Federer
100%
Novak Djokovic
99%
Carlos Alcaraz
97%
Andy Murray
96%
Daniil Medvedev
96%
Jannik Sinner
96%
Alexander Zverev
94%
Stan Wawrinka
94%
Andre Agassi
93%
Pete Sampras
93%
Andy Roddick
88%
Dominic Thiem
88%
Juan Martin del Potro
86%
Stefanos Tsitsipas
86%
Marin Cilic
85%
David Ferrer
83%
Casper Ruud
79%
Lleyton Hewitt
79%
Nick Kyrgios
72%
Taylor Fritz
72%
Juan Carlos Ferrero
69%
Marat Safin
69%
Jo-Wilfried Tsonga
68%
Kei Nishikori
67%
Milos Raonic
67%
Kevin Anderson
65%
Matteo Berrettini
65%
Robin Söderling
65%
Goran Ivanisevic
60%
Gustavo Kuerten
58%
Tomas Berdych
58%
Patrick Rafter
54%
Gaston Gaudio
53%
David Nalbandian
51%
Thomas Johansson
46%
Marcos Baghdatis
43%
Yevgeny Kafelnikov
43%
Guillermo Coria
40%
Mark Philippoussis
40%
Albert Costa
39%
Fernando Gonzalez
33%
Mariano Puerta
32%
Alex Corretja
22%
Arnaud Clement
21%
Martin Verkerk
21%
Magnus Norman
17%
Rainer Schüttler
17%
No matching quizzes found
Score Distribution
Percent of People with Each Score
Percentile by Number Answered
Your Score History
You have not taken this quiz since the last reset